| 000 | 00732nam a2200229 a 4500 | ||
|---|---|---|---|
| 001 | BRCA_1029 | ||
| 005 | 20190320203241.0 | ||
| 008 | 050912s2005 ec-a---##i---#000-0#spa-# | ||
| 020 | _a9978300171 | ||
| 040 |
_aDLC _cDLC |
||
| 050 | 4 |
_aN6683 _b.P38 2005 |
|
| 245 | 1 | 0 |
_aPatrimonio artístico ecuatoriano _bFray José María Vargas, O. P. (1902-1988). |
| 250 | _a3 | ||
| 260 |
_aQuito, Ecuador _bFundación Fr. José María Vargas : TRAMA _c2005 |
||
| 300 |
_a457 p. _bil. blanco y negro _c25 cm. |
||
| 500 | _aIncluye índice analítico | ||
| 504 | _aBibliografía : p. 449-457 | ||
| 650 | 1 | 4 |
_aArte ecuatoriano _93383 |
| 650 | 1 | 4 |
_aArte colonial _zEcuador _93384 |
| 650 | 1 | 4 |
_aArquitectura colonial _zEcuador _93385 |
| 942 |
_2lcc _cB |
||
| 999 |
_c908 _d908 |
||